000 00862nas a2200277 4500
001 BR0700075
003 BR-BrBNA
005 20231205110448.0
007 ta
008 230509b bl.|||p| |||| 00| 00por d
040 _aBR-BrBNA
_bpor
_cBiblioteca Nacional de Agricultura
041 _a(Pt)
072 _aF03
100 1 _aBattilani, J.L.
100 1 _aSantiago, E.F.
100 1 _aSouza, A.L.T. de
245 1 _aMorfologia de frutos, sementes e desenvolvimento de plântulas e plantas jovens de Maclura tinctoria (L.)D. Don. ex Steud. (Moraceae)
650 _aMORACEAE
650 _aSEMENTE
650 _aFRUTO
650 _aPLÂNTULA
650 _aGERMINAÇÃO
773 0 _tActa Botanica Brasilica (Brazil)
_xISSN 0102-3306
_g(Jul-Sep 2006), v. 20(3) p. 581-589
_wBR0700075
909 _a202311
_bLúcia
_c55
_dLúcia Elande
942 _2AGRIS
_n0
_cANA
999 _c187492
_d187492